[Event "Tel Aviv Last Autumn"]
[Site "Tel Aviv"]
[Date "2002.11.12"]
[Round "9"]
[White "Tyomkin, Dimitri"]
[Black "Kundin, Alexander"]
[Result "1-0"]
[WhiteElo "2482"]
[BlackElo "2429"]
[Annotator "Tyomkin,D"]
[PlyCount "99"]
[EventDate "2002.11.01"]
[EventType "tourn"]
[EventRounds "9"]
[EventCountry "ISR"]
[EventCategory "8"]
[SourceTitle "CBM 092"]
[Source "ChessBase"]
[SourceDate "2003.02.06"]
[SourceVersion "1"]
[SourceVersionDate "2003.02.06"]
[SourceQuality "1"]

1. e4 {This game is from the last round of Tel Aviv GM International; My
opponent had 0.5 point more than me before the last round and he should have
made draw only to make an IM-norm;} c5 2. Nf3 Nc6 3. Bb5 {This openint had
come as surprise, because I had never played 1.e4 before this tournament at
all!} e6 4. O-O Nge7 5. c3 d5 {This was new move to me already;} 6. e5 $6 {
6.exd5 is the right move here, but I just didn't know anything about this line!
} Bd7 {[%cal Rc6e5] Now black is threatening Nxe5;} 7. Qe2 $6 (7. Ba4 $142 c4
8. Re1 Ng6 9. Bc2 Bc5 10. d4 cxd3 11. Qxd3 f6 $2 {premature;} (11... Qc7 $142 {
[%cal Ge8g8,Yf7f6]}) 12. exf6 gxf6 13. Qxd5 Qb6 14. Qd2 $16 {1-0 Ni
Hua-Smirnov,P/Shanghai CHN 2001/The Week in Chess 357 (85)}) 7... a6 8. Bd3 {
This position is semilar to French Defense, the difference is that I I haven't
played d2-d4 yet...:-(} (8. Ba4 Nxe5 {-sam tactical motif;}) 8... Ng6 $15 9. g3
Be7 10. h4 Qc7 11. Re1 f6 {premature;} (11... O-O-O $142 $15 {intending f6;})
12. Bxg6+ $1 {By this move white creates some targets for attack in black's
position;} hxg6 13. d4 Rc8 $6 {Now black king can't castle anywhere, cuz
black's kingside pawns are exposed;} (13... O-O-O 14. Bf4 Qb6 {but it looks
mutual now;}) 14. Bf4 Qb6 15. dxc5 $1 {Now pawn structure isn't blockes and I
can create an attack against black king which is vulnerable here;} Bxc5 16. b4
Be7 17. Nbd2 Nd8 18. Qd3 Kf7 19. Nb3 {White is clearly better now- white has
more space, d4 outpost for pieces and e6 and g6 are always targets for attack;}
Qb5 20. Qe3 {White should stay in the middlegame of course- only in this case
black king stays weak; But 20.Qd2 was exacter- see note to move 21 of black;}
Qc4 21. Rac1 Bb5 $2 {missing nice chance;} (21... Qe4 $1 {That's why 20. Qd2
was better!} 22. Qxe4 dxe4 23. Rxe4 Bc6 24. Re3 Bd5 {[%cal Gd8c6] and black
has full compensation for sacrificed pawn;}) 22. Nbd4 (22. exf6 {This was
premature;} gxf6 23. Nbd4 Bd7 {and holds the defense;}) 22... f5 {Forced-
otherwise white would open e-file by exf6;} 23. Bg5 Qd3 24. Bxe7 Kxe7 $2 {
Black misses the chance to transfer the game to ending by QxQ, which is worse
for black, but with real chances to save the game;} (24... Qxe3 25. Rxe3 Kxe7
26. Nxb5 axb5 27. Nd4 f4 $5 {and black achieves some counterplay;} (27... Nc6
$1 28. Nxb5 Nxb4 29. Rb1 Nxa2 30. Rb2 $1 {[%cal Gb5d4,Yb2b7,Gb2b6] and Na2 is
trapped there for a while, while black pawns b7 and e6 are vulnerable;})) 25.
Qg5+ {avoiding trade of queens;} Kf7 26. Re3 Qc4 27. g4 $1 {Looking for more
targets and just capturing more space;} Rh6 28. Kg2 Be8 29. Rc2 {No reason to
hurry up- black is lacking any counterplay!} Qc7 30. Qf4 Kg8 31. g5 {Change of
plans- black pieces are stucked on the backrank and white gonna open it up
over the centre as it had happened in the game;} Rh8 32. Kg3 $1 {Improving
king's position and overprotecting h4 pawn;} Kf7 33. Nd2 {[%cal Gc3c4]
threatening c3-c4;} b5 {black is forced to prevent c3-c4;} 34. N2b3 {[%cal
Gb3c5]} Nb7 35. Ne2 {[%csl Re6][%cal Gb3d4,Yf4f3,Ye2f4] the plan is to place
Ne2 to f4, and other knight to d4;} Qc4 36. Nbd4 Bd7 37. Qf3 {clearing f4 for
the knight;} a5 38. a3 a4 39. Rd2 $1 {Immediate Nf4 would face Qf1 move with
some counterplay; After Rd2 white has Rd1 move in the line Nf4 Qf1;} (39. Nf4 {
it just gives black counterchances} Qf1) 39... Nd8 40. Nf4 Nc6 (40... Qf1 41.
Rd1 $16) 41. h5 $1 {Right time to open it up!} gxh5 42. Nxf5 $1 {[%mdl 64]
This sacrifice is just temporary;} exf5 43. e6+ Bxe6 44. Rxe6 {White is down a
pawn only, while all white pieces have got in;} (44. g6+ {leads to about the
same;}) 44... h4+ 45. Kh2 Rhd8 (45... Rhe8 46. Qh5+ Kf8 47. Qh8+ Kf7 48. g6#)
46. Qh5+ Kg8 47. Qxh4 {This simple move kills black- g5-g6 is coming while
everything is guarded now;} Re8 48. Rde2 $1 {Simple and good; No need to
calculate consiquences of direct 48.g6 which leads to the win as well;} Rxe6
49. Rxe6 Kf7 {Black doesn't have any good defense here;} 50. g6+ 1-0

[Event "Corus"]
[Site "Wijk aan Zee"]
[Date "2005.01.22"]
[Round "7"]
[White "Svidler, Peter"]
[Black "Van Wely, Loek"]
[Result "1-0"]
[WhiteElo "2735"]
[BlackElo "2679"]
[Annotator "Tyomkin,D"]
[PlyCount "39"]
[EventDate "2005.01.15"]
[EventType "tourn"]
[EventRounds "13"]
[EventCountry "NED"]
[EventCategory "19"]
[SourceTitle "CBM 105"]
[Source "ChessBase"]
[SourceDate "2005.04.11"]
[SourceVersion "1"]
[SourceVersionDate "2005.04.11"]
[SourceQuality "1"]

{Loek Van Wely had a great tournament finishing it with 50% score. His only
failure and the only loss was against Svidler- the game he lost just in 20
moves...} 1. e4 c5 2. Nf3 Nc6 3. Nc3 e5 4. Bc4 Be7 5. d3 d6 6. Nd2 Bg5 7. h4
Bxd2+ 8. Bxd2 Nf6 9. O-O Bg4 (9... Be6 10. f4 Bxc4 11. dxc4 h5 12. f5 $1 $146 {
Home-made improvement by Garry.} (12. fxe5 dxe5 13. Bg5 Qxd1 14. Raxd1 Ng4 15.
Nb5 O-O 16. c3 f6 $11 17. Bc1 a6 18. Nd6 b6 19. Nf5 Rad8 20. Rd5 Kf7 21. Rfd1
Rxd5 22. cxd5 Rd8 23. Kf1 Ne7 24. Nxe7 {1/2-1/2 Svidler,P-Leko,P/Dortmund 2004/
CBM 103}) 12... Ng4 13. f6 {still a home prepation!} gxf6 14. Nd5 Ne7 (14... f5
15. Bg5 f6 16. Nxf6+ $1 Nxf6 17. Rxf5 O-O 18. c3 $1 $16 {[%cal Gd1f3,Yg5d8]})
15. Nxf6+ Nxf6 16. Rxf6 Ng8 $1 17. Rf5 Qxh4 18. Be3 {Still it goes according
Garry's analysis!} Qe7 $5 {Seems like Garry understimated or even missed this
move in his analysis... 18...Qe7 holds black's position, while 18...leads
probably to a forced draw.} (18... Qxe4 19. Qxd6 Qxe3+ (19... Qxf5 20. Bxc5 $18
) 20. Kh2 (20. Kh1 f6 21. Rxf6 $11) 20... f6 21. Qe6+ (21. Rxf6 Nxf6 22. Qe6+
Kd8 23. Rd1+ Kc7 24. Qd6+ Kc8 25. Qe6+ $11) 21... Ne7 22. Qxf6 Rg8 $11 (22...
Nxf5 $11)) 19. Rxh5 Rxh5 20. Qxh5 O-O-O 21. Bg5 f6 22. Bh4 Qe8 $1 23. Qf5+ Qd7
24. Rf1 Qxf5 $11 25. Rxf5 Rf8 26. Rh5 Kd7 27. Rh8 Ke6 28. g4 Rc8 29. Kg2 Ne7
30. Rh6 Ng8 31. Rh8 {1/2-1/2 Kasparov,G-Leko,P/Linares ESP 2005}) 10. Qe1 $1
$146 {[%mdl 8] Svidler definitely prepared this novelty at home!  A previous
game by Svidler went: 10.f3 Be6 11.f4 Bxc4 and it transforms to 9...Be6 line.
The move of Peter is much stronger and probably refutes 9...Bg4 move.} (10. f3
Be6 11. Nd5 (11. f4 {-leads to above mentioned game Svidler-Leko}) 11... O-O
12. f4 Ng4 (12... Bxd5 $5 13. exd5 Nb4 14. fxe5 $13) 13. g3 exf4 14. Nxf4 Bxc4
(14... Bd7 $5 {[%cal Gg4e5,Gd7g4]}) 15. Qxg4 Ne5 16. Qh5 Be6 17. Nxe6 fxe6 18.
Bc3 Nc6 19. Rxf8+ Qxf8 20. Rf1 Qe7 $11 {1/2-1/2 Shirov,A-Kramnik,V/Monaco 2004/
CBM 099 ext (40)}) 10... Be6 11. f4 Bxc4 12. dxc4 h5 $6 {This moves secures
g4-outpost for black night, on the other hand this wastes some time, and
allows white to pin Nf6.} (12... O-O 13. Rd1 Nd4 14. fxe5 Ng4 15. Nd5 Nxe5 16.
c3 $16) (12... h6 $5 {to prevent Bg5 ideas of white.}) 13. fxe5 dxe5 14. Bg5
$16 {Semilar to Svidler-Leko but black can't trade queens now (white queen is
on e1 and not on d1). It makes a big difference here since black can't unpin
by Ng4 like in Svidler-Leko.} Ne7 {This move leads to immediate loss. Black
still could suffer for a while by 14...Qd4+ and Qxc4 then, but white has a
large advantage anyhow.} (14... Qd4+ 15. Kh1 Qxc4 (15... O-O-O 16. b3 {[%cal
Ga1d1,Yg5f6,Yc3d5]}) (15... Ng4 $2 16. Nb5 $18) 16. Bxf6 gxf6 17. Rxf6 O-O-O
18. b3 Qd4 19. Rd1 Qb4 20. Nd5 Qxe1+ 21. Rxe1 $16) 15. Rd1 $18 {The last piece
of white joins the party- white has decisive advantage in development.} Qb6 (
15... Qa5 16. Rxf6 (16. Qf2 Qb6 {-transforms to the game.}) 16... gxf6 17. Bxf6
Rg8 18. Bxe7 $18) 16. Qg3 {now pawn e5 hang, also Bxf6 is coming.} Ng6 17. Bxf6
gxf6 18. Nd5 {White pieces dominate, while black rooks are sleeping, also
black king is a target.} Qxb2 19. Nxf6+ (19. Nc7+ Ke7 20. Qf2 $18) 19... Kf8
20. Nxh5 {Black is helpless against white's threats, so Van Wely resigned
right in time.} (20. Nxh5 Rxh5 (20... Kg8 21. Rxf7 $1 (21. Rd6 $1) 21... Kxf7
22. Rd7+ $18) 21. Qxg6 $18) 1-0

[Event "Montreal-A 5th"]
[Site "Montreal"]
[Date "2004.08.05"]
[Round "2"]
[White "Tyomkin, Dimitri"]
[Black "Nataf, Igor Alexandre"]
[Result "1/2-1/2"]
[WhiteElo "2498"]
[BlackElo "2553"]
[Annotator "Tyomkin,D"]
[PlyCount "71"]
[EventDate "2004.08.04"]
[EventType "tourn"]
[EventRounds "11"]
[EventCountry "CAN"]
[EventCategory "12"]
[SourceTitle "CBM 103"]
[Source "ChessBase"]
[SourceDate "2004.11.11"]
[SourceVersion "1"]
[SourceVersionDate "2004.11.11"]
[SourceQuality "1"]

1. e4 c5 2. Nf3 Nc6 3. Bb5 e6 4. O-O Nge7 5. Nc3 Nd4 (5... a6 {-the most
popular conitnuation, but I doubt 5...a6 is the best line for black;}) (5...
Ng6 {-new approach in this position, probably gives black best chances to play
for a win;}) 6. Nxd4 cxd4 7. Ne2 a6 8. Ba4 Nc6 {8...b5 move helps white in
general, since a2-g8 is the best diagonal for the bishop, also f4-f5 break
makes black much more damage while white bishop is on b3;} (8... b5 9. Bb3 Nc6
10. d3 Be7 11. f4 {[%cal Gf4f5]}) 9. d3 Bc5 {I got an impression that Bc5 is
the best line for black, in addition Nataf is well- known theoretican and
that's a good reason to trust him :-)} (9... g6 {Gershon} 10. Bxc6 dxc6 11. Bd2
Bg7 12. c3 dxc3 13. Bxc3 e5 14. f4 Qe7 15. fxe5 Bxe5 16. d4 Bg7 17. Qd2 Qxe4
18. Rae1 $36 {1-0 Aronian,L-Beshukov,S/Hastings ENG 2000/The Week in Chess 321
(27). (27)}) (9... b5 {Gershon} 10. Bb3 Bc5 (10... Be7 $143 {Gershon} 11. f4
O-O 12. f5 Na5 13. Nf4 Nxb3 14. axb3 exf5 15. exf5 Bb7 16. Nh5 f6 17. Qg4 $36 {
1-0 Yudasin,L-Moiseenko,A/Krynica 1997/CBM 62 (57)}) 11. Ng3 h5 12. Bd2 Bb7 13.
h3 g6 14. a3 f5 15. exf5 gxf5 16. Re1 Qf6 17. Nxh5 Qh4 18. Ng7+ Kf8 19. Nxf5
exf5 20. Qf3 $44 {1/2-1/2 Sadvakasov,D-Perunovic,M/Subotica YUG 2000/The Week
in Chess 321 (28)}) (9... Be7 10. c3) 10. Bxc6 {Gershon: 'A Novelty. White
gets rid of his poorly placed B .Now his idea is to play against black's light
squared B.'} (10. f4 {Gershon} d5 11. Ng3 dxe4 12. Qh5 $5 $146 (12. Nxe4 {
(Gershon) 1/2-1/2, Glek-Nunn, Germany 1996}) 12... Be7 13. dxe4 g6 14. Qf3 b5
15. Bb3 h5 16. Bd2 h4 (16... Bb7 $6 {(Gershon) 0-1 Yudasin,L-Krasenkow,M/
Vilnius 1997/EXT 98/[Krasenkow] (30)}) 17. Nh1 Bb7 $13) 10... dxc6 11. Ng3 {
Definitely not the only move here, but the one which brought Sutovsky the
success in his game vs Nataf;} Bd6 $1 $146 {[%mdl 8] The idea is obvious to
stop immediate e4-e5, in addiition black bishop moves to better diagonal;} (
11... e5 {Alik Gershon recommends this move instead of 11...h5 of Nataf,
however I believe white gets an advantage after 11...e5;} 12. f4 (12. Qh5 {
Gershon} Bd6 13. f4 g6 14. Qf3 $14)) (11... h5 $6 {Gershon After this move
black will have serious problems with his K- He cannot castle K-side anymore,
and before he is ready to castle long white will be able to create dangerous
initiative.} 12. e5 ({Of course not:} 12. Nxh5 {Gershon} Qh4 13. Nxg7+ Kf8 $19)
12... Qd5 13. Re1 Bb4 14. Re4 g6 15. Ne2 $1 {1-0 Sutovsky,E-Nataf,I/Esbjerg
2001/CBM 85/[Gershon] (29) Forcing black's B to an ugly square} (15. Bg5 {
Gershon} f5 $1 16. c4 Qd7 17. Rh4) (15. h4 {Gershon} Be7)) 12. f4 f5 (12... O-O
13. e5 (13. Qh5 f5 $1) (13. f5 Bxg3 14. hxg3 exf5 15. exf5 Re8 $13) (13. Qg4 f5
) 13... Be7 14. Ne4 (14. f5 f6 $1 $132) 14... b6 {[%cal Gc6c5] black looks
safe here;}) 13. exf5 {An attempt to exploit uncaslted king of black;} (13.
Qh5+ g6 14. Qh6 Bf8 15. Qh3 Bg7 {white pieces take very dubous places;}) 13...
exf5 14. Re1+ Kf7 15. c3 {[%cal Gd1b3] White doesn't achieve anything with
this move (next move of white in this game is c3-c4, but I don't see any good
plan for white here either, so maybe white is just worse?!} ({Pointless for
white to provoke g6- it's just a useful move for black;} 15. Qh5+ g6 {[%cal
Gc8e6,Gd8f6]}) (15. c4 $5 {right away, but on the other hand black queen is
worse on b6 than on d8! very tricky position :-)}) 15... Qb6 $5 {forces c3-c4
as well as prevents Qb3, the drawback of Qb6 is that after c3-c4 move black
queen isn't doing much there;} (15... Be6 16. Rxe6 Kxe6 17. Qb3+ Kf6 18. Nh5+
Ke7 $5 (18... Kg6 19. Qe6+ Kxh5 20. Qxf5+ Kh6 (20... g5 21. Qf7+ $18) 21. Qe6+
Kh5 {and white has nothing better than perpetual;}) 19. Nxg7 Qd7 20. Bd2 {
big mess here, but I'd be happy to get such position in that game;}) 16. c4 {
Nothing better;} (16. Qb3+ Qxb3 17. axb3 c5 $15) 16... Bd7 17. Bd2 {[%cal
Gb2b4]} a5 $1 {Stops any counterplay of white on a queenside;} (17... Rae8 18.
Rxe8 Rxe8 19. b4 {but black must be fine here too;}) 18. Qb3 $6 {During the
game I was quite confident of white good drawish chances, but actually black
has a large advantage in it!} (18. b3 g6 $15 {[%cal Gh8e8]}) 18... Qxb3 19.
axb3 b6 20. Ne2 c5 $15 21. Kf2 {[%cal Ge2g1,Gg1f3] Intending Ng1-f3, which is
the only way to improve white's position here;} Rhe8 $6 {Wrong plan in general;
Black needs all rooks in the game and must play on a queenside (b6-b5 break).
White can't exploit the e-file- when white knight is coming to e5, black can
simply place his K on f6 and B on e8 or e6;} (21... Rhb8 $1 {[%cal Gb6b5]}) 22.
Ng1 {[%cal Gg1f3,Yf3e5,Yf3g5]} Rxe1 (22... Reb8 $1 23. Nf3 Kf6 24. Ne5 Be8 (
24... Be6 25. Re2 {[%cal Ga1e1,Ye5g4]}) 25. h3 h5 {and so on;}) 23. Rxe1 Re8 $6
{This is necessary to keep at least one pair of rooks to keep winnning chances;
} (23... Kf6 24. Nf3 Be6 $15) 24. Rxe8 Kxe8 25. Nf3 Ke7 26. Ne5 Be8 27. h3 Kf6
28. Nf3 Bd7 29. Ke2 h6 30. g3 {White builds the fortress;} Be8 31. Kf2 Bh5 32.
Bc1 {White can hardly move, but waiting strategy is the best way to hold the
position here;} Ke6 33. Bd2 Be7 34. Bc1 Bd6 {Black can open the queenside with
a5-a4 or b6-b5, but this only simplifies, and also white doesn't have any
weakneses;} 35. Bd2 Be7 36. Bc1 1/2-1/2

[Event "North Bay op"]
[Site "North Bay"]
[Date "1998.??.??"]
[Round "4"]
[White "Oratovsky, Michael"]
[Black "Whitehead, Jay E"]
[Result "1-0"]
[WhiteElo "2465"]
[BlackElo "2410"]
[Annotator "Tyomkin,D"]
[PlyCount "45"]
[EventDate "1998.08.??"]
[EventType "swiss"]
[EventRounds "9"]
[EventCountry "CAN"]
[SourceTitle "CBM 066"]
[Source "ChessBase"]
[SourceDate "1998.09.30"]
[SourceVersion "1"]
[SourceVersionDate "1998.09.30"]
[SourceQuality "1"]

1. e4 c5 2. Nf3 Nc6 3. Bb5 e6 4. Bxc6 bxc6 5. d3 Ne7 6. h4 $5 {Interesting
possibility leading to complicated struggle.} f6 ({Deserves attention} 6... h5
$5 7. Nc3 Ng6 8. Ne2 $5 e5 9. Bg5 f6 10. Be3 d5 11. c4 Bd6 $5 $13 {with
unclear position;Vasiukov,E-Zvjaginsev,V/RUS-ch 1995 (24)}) 7. Be3 ({Too hasty
is} 7. e5 $6 fxe5 8. Nxe5 d6 9. Nc4 Nf5 10. Bg5 Be7 11. Bxe7 Qxe7 12. Qh5+ g6
$15 {with good chanses for black as was played in Oratovsky, M-Miladinovic,I/
WchJM-U20 1994 (59)}) 7... d6 8. c3 Rb8 9. Qc2 e5 (9... Qb6 10. b4 Ba6 11. Nbd2
$14) 10. d4 Ba6 $6 ({More suitable reaction was} 10... cxd4 $5 11. cxd4 exd4
12. Nxd4 Qb6 13. Nf5 (13. Nb3 $5) 13... Qc7 14. Ng3 Be6 15. Nc3 $14 {,but even
in this case white keeps slightly better chanses.}) 11. dxc5 d5 {The 'poente'
of the last move of black,but the idea proves to be quiet suspicious.} 12. Nbd2
dxe4 13. Nxe4 Bd3 14. Qa4 Bxe4 (14... Rxb2 $2 15. Nd6+ Kd7 16. Qxa7+ (16. Nf7
$2 Re2+ 17. Kd1 Qb8 18. Nxh8 Qb2 $1 19. Rc1 Rxe3 $1 $19) 16... Ke6 17. O-O-O $1
Rb1+ (17... Rc2+ 18. Kb1 Rxc3+ 19. Kb2 Rc2+ 20. Ka1 $18) 18. Kd2 Rxd1+ 19. Rxd1
$16) 15. Qxe4 Rxb2 16. O-O $36 {[%csl Re8,Rf8] [#] Despite of material balance
black is in serious troubles because of lack of coordination between the
pieces and bad development of the pieces.} Nd5 17. Bc1 $1 (17. Rfb1 $6 Rxb1+
18. Rxb1 Qc7 $1 $13) 17... Rb7 18. c4 Nb4 $6 {Another inaccuracy,but this time
with lethal conseqances.} ({It was nessssary to play} 18... Ne7 $5 19. Bd2 Qc8
20. Rab1 Rxb1 21. Rxb1 Nf5 {with defendable position.}) 19. a3 $16 Nd3 20. Rd1
Rd7 21. Qxc6 Nxc5 22. Rb1 Kf7 $2 {[#] Letting white to finish the game with
the style!} {[%tqu "En","","","","b1b7","Tyomkin,D",10]} 23. Rb7 $1 1-0